Ensamblando límites : informalidad, fraude e innovación = Assembling borders : informality, fraud and innovation /

Detalles Bibliográficos
Otros Autores: Ramírez-Ajiaco, Catalina (Editor), Gómez-Morales, Yuri Jack (Editor)
Formato: Electrónico eBook
Lenguaje:español
Publicado: Bogotá : Editorial Uniagustiniana, 2023.
Colección:Colección Ciencias sociales (Editorial Uniagustiniana)
Materias:
Acceso en línea:Digitalia Hispánica

MARC

LEADER 00000nam a2200000Ii 4500
001 DIGUAGANA0029
003 NyNyDIG
006 m o d
007 cr |||||||||||
008 241206s2023 ck a ob 000 0 spa d
035 |a (OCoLC)1475658076 
040 |a DGITA  |b eng  |e rda  |e pn  |c DGITA 
020 |a 9789585498969  |q (digital) 
020 |z 9789585498976  |q (impreso) 
041 0 |a spa  |b spa  |b eng 
043 |a s-ck--- 
050 1 4 |a HN303.5 ebook 
245 0 0 |a Ensamblando límites :  |b informalidad, fraude e innovación = Assembling borders : informality, fraud and innovation /  |c Catalina Ramírez-Ajiaco, Yuri Jack Gómez-Morales, editores. 
246 1 |i English title on cover:  |a Assembling borders   |b : informality, fraud and innovation 
264 1 |a Bogotá :  |b Editorial Uniagustiniana,  |c 2023. 
300 |a 1 online resource :  |b illustrations. 
336 |a text  |b txt  |2 rdacontent 
337 |a computer  |b c  |2 rdamedia 
338 |a online resource  |b cr  |2 rdacarrier 
347 |a text file  |2 rdaft 
347 |b PDF 
490 1 |a Colección Ciencias sociales 
504 |a Includes bibliographical references. 
546 |a Text in Spanish with abstract in Spanish and English in each chapter. 
588 0 |a Online resource; title from PDF title page (Digitalia, viewed December 6, 2024) 
650 0 |a Informal sector (Economics)  |z Colombia. 
650 0 |a Technological innovations  |x Social aspects  |z Colombia. 
700 1 |a Ramírez-Ajiaco, Catalina,  |e editor. 
700 1 |a Gómez-Morales, Yuri Jack,  |e editor. 
776 0 8 |i Print version:  |t Ensamblando límites.  |d Bogotá : Editorial Uniagustiniana, 2023  |z 9789585498976 
791 2 |a Digitalia (Firm),  |e distributor. 
793 0 |g Digitalia eBook Collection:  |a Editorial Uniagustiniana 
830 0 |a Colección Ciencias sociales (Editorial Uniagustiniana) 
856 4 0 |3 Digitalia Hispánica  |u https://www.digitaliapublishing.com/a/162828/ 
910 |a Premium collection: 2024